Greater GDP than the US Defense Budget Quiz Stats

 Plays Quiz Updated Jun 9, 2017

Support Sporcle.
Go Orange.
Score 0/20 Timer 05:00
0 Plays Today
GDP (billion US$) Country % Correct
11,392China
98.9%
3,495Germany
97.1%
2,650United Kingdom
96.9%
2,488France
96.9%
1,268Russia
96.5%
4,730Japan
95.5%
1,532Canada
93.8%
2,251India
93.8%
1,770Brazil
93.7%
1,853Italy
92.6%
GDP (billion US$) Country % Correct
1,252Spain
92%
1,064Mexico
91.8%
1,257Australia
90%
18,562United States
87.8%
1,404South Korea
80.5%
638Saudi Arabia
77.1%
941Indonesia
70.5%
756Turkey
69.9%
770Netherlands
62.8%
662Switzerland
60.1%

You're not logged in!

Compare scores with friends on all Sporcle quizzes.
OR
Log In
Forgot?

From the Vault

Sharks!

by caramba

Just when you thought it was safe to go back and Sporcle...
Remove Ads.
Support Sporcle.
Get the best of Sporcle when you Go Orange. This ad-free experience offers more features, more stats, and more fun while also helping to support Sporcle. Thank you for becoming a member.

Show Comments

Extras

Top Quizzes Today


Score Distribution

Your Account Isn't Verified!

In order to create a playlist on Sporcle, you need to verify the email address you used during registration. Go to your Sporcle Settings to finish the process.

Report this User

Report this user for behavior that violates our Community Guidelines.

Details: